000 00776nam a22001577a 4500
003 OSt
005 20150917160608.0
008 http://192.168.1.116:8080/cgi-bin/koha/c
040 _cRUA
082 _aAGR THOU 2004 B031 Or.1
100 _9699
_aTHOU, HUOCH.
245 _aEffect of cow manure and chemical fertilizer on chinese kale crop in crop experimental station at royal university of agriculture ឥទ្ធិពលនៃជីលាមកគោ និងជីគីទៅលើដំណាំខាត់ណាដើម នៅស្ថានីយ៍ពិសោធន៍ដំណាំនៃសាកលវិទ្យាល័យភូមិន្ទកសិកម្ម
260 _aPhnom Penh
_bRUA
_c2004
300 _axiii; 62p.
_bill.
_c29cm.
942 _2ddc
_cAGR
999 _c673
_d673